[Event "DEM U18w 2025"]
[Site "Willingen GER"]
[Date "2025.06.08"]
[Round "2"]
[White "Gyácsok, Dzvinka"]
[Black "Ulrich, Helena Irene"]
[Result "0-1"]
[Termination "normal"]
[Board "9"]
[WhiteElo "1689"]
[BlackElo "1841"]
[WhiteClock "00:37:21"]
[BlackClock "00:29:41"]
[PlyCount "138"]
[WhiteFideId "16298292"]
[BlackFideId "16256000"]
[EventCountry "GER"]
[EventRounds "9"]
[EventType "swiss"]
[EventDate "2025.06.07"]

1. e4 {[%clk 01:30:54]} {[%emt 00:00:05]} c5 {[%clk 01:30:57]} {[%emt
00:00:03]} 2. Nf3 {[%clk 01:31:13]} {[%emt 00:00:11]} Nc6 {[%clk 01:31:24]}
{[%emt 00:00:04]} 3. d4 {[%clk 01:31:15]} {[%emt 00:00:27]} cxd4 {[%clk
01:31:50]} {[%emt 00:00:05]} 4. Nxd4 {[%clk 01:31:13]} {[%emt 00:00:31]} Nf6
{[%clk 01:32:12]} {[%emt 00:00:08]} 5. Nc3 {[%clk 01:30:59]} {[%emt 00:00:44]}
e5 {[%clk 01:32:37]} {[%emt 00:00:06]} 6. Ndb5 {[%clk 01:30:24]} {[%emt
00:01:04]} d6 {[%clk 01:33:00]} {[%emt 00:00:07]} 7. Bg5 {[%clk 01:29:55]}
{[%emt 00:00:59]} a6 {[%clk 01:33:27]} {[%emt 00:00:04]} 8. Na3 {[%clk
01:29:16]} {[%emt 00:01:08]} b5 {[%clk 01:33:53]} {[%emt 00:00:04]} 9. Nd5
{[%clk 01:28:07]} {[%emt 00:01:39]} Be7 {[%clk 01:34:17]} {[%emt 00:00:07]} 10.
Bxf6 {[%clk 01:26:47]} {[%emt 00:01:49]} Bxf6 {[%clk 01:34:43]} {[%emt
00:00:06]} 11. c3 {[%clk 01:25:45]} {[%emt 00:01:30]} Bg5 {[%emt 00:00:21]} 12.
Nc2 {[%clk 01:24:20]} {[%emt 00:01:52]} O-O {[%clk 01:34:51]} {[%emt 00:00:34]}
13. a4 {[%clk 01:22:50]} {[%emt 00:02:00]} bxa4 {[%clk 01:35:15]} {[%emt
00:00:07]} 14. Rxa4 {[%clk 01:22:24]} {[%emt 00:00:55]} a5 {[%clk 01:35:02]}
{[%emt 00:00:44]} 15. Bc4 {[%clk 01:19:25]} {[%emt 00:03:30]} Rb8 {[%clk
01:33:47]} {[%emt 00:01:44]} 16. b3 {[%clk 01:16:32]} {[%emt 00:03:23]} Kh8
{[%clk 01:29:06]} {[%emt 00:05:12]} 17. Nce3 {[%clk 01:10:10]} {[%emt
00:06:50]} Bxe3 {[%clk 01:14:45]} {[%emt 00:14:51]} 18. Nxe3 {[%clk 01:08:05]}
{[%emt 00:02:34]} Ne7 {[%clk 01:14:34]} {[%emt 00:00:42]} 19. O-O {[%clk
00:58:58]} {[%emt 00:09:37]} f5 {[%clk 00:48:53]} {[%emt 00:26:11]} 20. exf5
{[%clk 00:48:33]} {[%emt 00:10:54]} Bxf5 {[%clk 00:47:36]} {[%emt 00:01:48]}
21. Ra3 {[%clk 00:44:01]} {[%emt 00:05:02]} Qc7 {[%clk 00:37:41]} {[%emt
00:10:25]} 22. Nd5 {[%clk 00:39:36]} {[%emt 00:04:55]} Nxd5 {[%clk 00:36:18]}
{[%emt 00:01:53]} 23. Qxd5 {[%clk 00:38:05]} {[%emt 00:02:01]} Ra8 {[%clk
00:31:54]} {[%emt 00:04:55]} 24. Rfa1 {[%clk 00:36:59]} {[%emt 00:01:35]} Qb6
{[%clk 00:25:08]} {[%emt 00:07:16]} 25. Rxa5 {[%clk 00:30:57]} {[%emt
00:06:32]} Be4 {[%clk 00:24:26]} {[%emt 00:01:13]} 26. Qxe4 {[%clk 00:24:58]}
{[%emt 00:06:29]} Rxa5 {[%clk 00:24:51]} {[%emt 00:00:05]} 27. Rf1 {[%clk
00:24:38]} {[%emt 00:00:49]} d5 {[%clk 00:23:02]} {[%emt 00:02:20]} 28. Qe3
{[%clk 00:21:49]} {[%emt 00:03:19]} Qxe3 {[%clk 00:22:14]} {[%emt 00:01:18]}
29. fxe3 {[%clk 00:22:12]} {[%emt 00:00:06]} Rxf1+ {[%clk 00:22:42]} {[%emt
00:00:03]} 30. Bxf1 {[%clk 00:22:29]} {[%emt 00:00:13]} Ra3 {[%clk 00:23:01]}
{[%emt 00:00:11]} 31. c4 {[%clk 00:21:54]} {[%emt 00:01:05]} d4 {[%clk
00:16:31]} {[%emt 00:06:59]} 32. exd4 {[%clk 00:20:54]} {[%emt 00:01:30]} exd4
{[%clk 00:16:58]} {[%emt 00:00:04]} 33. Kf2 {[%clk 00:17:47]} {[%emt 00:03:36]}
Rxb3 {[%clk 00:17:07]} {[%emt 00:00:21]} 34. Ke2 {[%clk 00:17:51]} {[%emt
00:00:26]} Rb1 {[%clk 00:13:46]} {[%emt 00:03:51]} 35. Kf2 {[%clk 00:17:19]}
{[%emt 00:01:03]} Kg8 {[%clk 00:12:24]} {[%emt 00:01:52]} 36. Bd3 {[%clk
00:17:01]} {[%emt 00:00:46]} Rb3 {[%clk 00:10:10]} {[%emt 00:02:46]} 37. Be4
{[%clk 00:16:38]} {[%emt 00:00:52]} Rc3 {[%clk 00:05:13]} {[%emt 00:05:27]} 38.
Bd5+ {[%clk 00:16:31]} {[%emt 00:00:36]} Kf8 {[%clk 00:05:39]} {[%emt
00:00:05]} 39. Ke2 {[%clk 00:16:44]} {[%emt 00:00:17]} Ke7 {[%clk 00:05:40]}
{[%emt 00:00:29]} 40. Bg8 {[%clk 00:14:16]} {[%emt 00:02:57]} h6 {[%clk
00:06:00]} {[%emt 00:00:11]} 41. Bd5 {[%clk 00:14:32]} {[%emt 00:00:14]} Kd6
{[%clk 00:05:51]} {[%emt 00:00:39]} 42. Kd2 {[%clk 00:14:26]} {[%emt 00:00:36]}
Kc5 {[%clk 00:04:11]} 43. Be6 {[%clk 00:12:49]} {[%emt 00:04:17]} Ra3 {[%clk
00:04:01]} 44. Bd5 {[%clk 00:13:04]} {[%emt 00:00:55]} Rc3 {[%clk 00:27:18]}
45. Be6 {[%clk 00:41:47]} {[%emt 00:09:00]} Rxc4 {[%clk 00:25:36]} 46. Bf5
{[%clk 00:37:12]} {[%emt 00:07:17]} Ra4 {[%clk 00:24:01]} 47. Be4 {[%clk
00:36:57]} {[%emt 00:02:50]} Ra3 {[%clk 00:24:11]} 48. h4 {[%clk 00:34:03]}
{[%emt 00:03:44]} Kd6 {[%clk 00:23:29]} {[%emt 00:01:13]} 49. g4 {[%clk
00:32:53]} {[%emt 00:01:38]} Rg3 {[%clk 00:23:35]} {[%emt 00:00:25]} 50. Bf5
{[%clk 00:32:14]} {[%emt 00:01:09]} Ke5 {[%clk 00:24:01]} 51. h5 {[%clk
00:32:21]} {[%emt 00:00:27]} Kf4 {[%clk 00:24:28]} {[%emt 00:00:03]} 52. Ke2
{[%clk 00:32:19]} {[%emt 00:00:31]} Rxg4 {[%clk 00:24:37]} {[%emt 00:00:22]}
53. Bxg4 {[%clk 00:32:27]} {[%emt 00:00:22]} Kxg4 {[%clk 00:25:04]} {[%emt
00:00:03]} 54. Kd3 {[%clk 00:32:51]} {[%emt 00:00:06]} Kxh5 {[%clk 00:25:24]}
55. Kxd4 {[%clk 00:33:13]} {[%emt 00:00:18]} Kh4 {[%clk 00:25:40]} {[%emt
00:00:14]} 56. Ke3 {[%clk 00:33:35]} {[%emt 00:00:08]} Kh3 {[%clk 00:26:05]}
{[%emt 00:00:06]} 57. Kf2 {[%clk 00:33:53]} {[%emt 00:00:11]} Kh2 {[%clk
00:26:32]} {[%emt 00:00:03]} 58. Kf3 {[%clk 00:34:11]} {[%emt 00:00:12]} g5
{[%clk 00:26:27]} {[%emt 00:00:35]} 59. Kg4 {[%clk 00:34:24]} {[%emt 00:00:17]}
Kg2 {[%clk 00:26:43]} {[%emt 00:00:14]} 60. Kh5 {[%clk 00:34:14]} Kh3 {[%clk
00:27:06]} {[%emt 00:00:47]} 61. Kxh6 {[%clk 00:34:34]} {[%emt 00:00:10]} g4
{[%clk 00:27:32]} {[%emt 00:00:05]} 62. Kh7 {[%clk 00:34:49]} {[%emt 00:00:14]}
g3 {[%clk 00:27:59]} {[%emt 00:00:03]} 63. Kh8 {[%clk 00:35:14]} {[%emt
00:00:05]} g2 {[%clk 00:28:06]} 64. Kh7 {[%clk 00:35:36]} {[%emt 00:00:31]}
g1=Q {[%clk 00:28:31]} {[%emt 00:00:04]} 65. Kh8 {[%clk 00:35:56]} {[%emt
00:00:11]} Qa7 {[%clk 00:28:28]} {[%emt 00:00:33]} 66. Kg8 {[%clk 00:36:12]}
{[%emt 00:00:13]} Kg4 {[%clk 00:28:55]} {[%emt 00:00:04]} 67. Kf8 {[%clk
00:36:37]} {[%emt 00:00:06]} Kf5 {[%clk 00:29:22]} 68. Ke8 {[%clk 00:36:56]}
{[%emt 00:00:14]} Ke6 {[%clk 00:29:41]} {[%emt 00:00:11]} 69. Kd8 {[%clk
00:37:21]} {[%emt 00:00:05]} Qd7# {[%emt 00:00:07]} 0-1

[Event "DEM U18w 2025"]
[Site "Willingen GER"]
[Date "2025.06.08"]
[Round "2"]
[White "Jacobasch, Ronja"]
[Black "Stepanjan, Marianne"]
[Result "1-0"]
[Termination "normal"]
[Board "10"]
[WhiteElo "1861"]
[BlackElo "1712"]
[WhiteClock "00:30:06"]
[BlackClock "00:30:25"]
[PlyCount "89"]
[WhiteFideId "34604340"]
[BlackFideId "16246110"]
[EventCountry "GER"]
[EventRounds "9"]
[EventType "swiss"]
[EventDate "2025.06.07"]

1. c4 {[%clk 01:30:51]} {[%emt 00:00:08]} Nf6 {[%clk 01:30:56]} {[%emt
00:00:05]} 2. Nc3 {[%clk 01:31:12]} {[%emt 00:00:09]} g6 {[%clk 01:31:20]}
{[%emt 00:00:06]} 3. g3 {[%clk 01:31:29]} {[%emt 00:00:12]} Bg7 {[%clk
01:31:44]} {[%emt 00:00:06]} 4. Bg2 {[%clk 01:31:52]} {[%emt 00:00:07]} O-O
{[%clk 01:31:52]} {[%emt 00:00:23]} 5. Nf3 {[%clk 01:31:30]} {[%emt 00:00:52]}
d6 {[%clk 01:30:44]} {[%emt 00:01:38]} 6. d4 {[%clk 01:30:41]} {[%emt
00:01:18]} c5 {[%clk 01:29:47]} {[%emt 00:01:27]} 7. O-O {[%clk 01:29:59]}
{[%emt 00:01:13]} Nbd7 {[%clk 01:24:55]} {[%emt 00:05:22]} 8. b3 {[%clk
01:23:54]} {[%emt 00:06:34]} a6 {[%clk 01:21:10]} {[%emt 00:04:15]} 9. Bb2
{[%clk 01:14:37]} {[%emt 00:09:47]} Rb8 {[%emt 00:16:35]} 10. e4 {[%clk
01:00:35]} {[%emt 00:00:10]} b5 {[%clk 01:11:08]} {[%emt 00:08:49]} 11. e5
{[%clk 00:39:54]} {[%emt 00:21:12]} dxe5 {[%emt 00:08:43]} 12. dxc5 {[%clk
00:35:58]} {[%emt 00:00:03]} e4 {[%clk 00:58:38]} {[%emt 00:09:09]} 13. Nd4
{[%clk 00:30:07]} {[%emt 00:06:21]} Nxc5 {[%clk 00:46:41]} {[%emt 00:12:27]}
14. Nc6 {[%clk 00:25:37]} {[%emt 00:05:00]} Qxd1 {[%clk 00:44:25]} {[%emt
00:02:46]} 15. Rfxd1 {[%clk 00:20:03]} {[%emt 00:06:05]} Rb7 {[%clk 00:37:58]}
{[%emt 00:06:57]} 16. cxb5 {[%clk 00:18:55]} {[%emt 00:01:37]} axb5 {[%clk
00:37:53]} {[%emt 00:00:35]} 17. Ba3 {[%clk 00:09:41]} {[%emt 00:09:45]} Nfd7
{[%clk 00:26:19]} {[%emt 00:12:03]} 18. Rac1 {[%clk 00:07:58]} {[%emt
00:02:13]} Re8 {[%clk 00:13:55]} {[%emt 00:12:53]} 19. Nd5 {[%clk 00:06:37]}
{[%emt 00:01:52]} e6 {[%clk 00:04:11]} {[%emt 00:10:14]} 20. Nde7+ {[%clk
00:05:17]} {[%emt 00:01:50]} Kf8 {[%clk 00:03:43]} {[%emt 00:00:57]} 21. Nxc8
{[%clk 00:03:26]} {[%emt 00:02:22]} Rxc8 {[%clk 00:03:38]} {[%emt 00:00:35]}
22. Bxc5+ {[%clk 00:03:31]} {[%emt 00:00:25]} Ke8 {[%clk 00:02:42]} {[%emt
00:01:26]} 23. Bxe4 {[%clk 00:02:24]} {[%emt 00:01:37]} f5 {[%clk 00:02:32]}
{[%emt 00:00:40]} 24. Bg2 {[%clk 00:02:22]} {[%emt 00:00:32]} Rbc7 {[%clk
00:02:00]} {[%emt 00:00:59]} 25. Bd6 {[%clk 00:02:29]} {[%emt 00:00:26]} Rb7
{[%clk 00:01:46]} {[%emt 00:00:43]} 26. Nb4 {[%clk 00:02:08]} {[%emt 00:00:52]}
Rxc1 {[%clk 00:01:55]} {[%emt 00:00:21]} 27. Rxc1 {[%clk 00:02:34]} {[%emt
00:00:05]} Ra7 {[%clk 00:01:55]} {[%emt 00:00:29]} 28. Rc8+ {[%clk 00:01:53]}
{[%emt 00:01:11]} Kf7 {[%clk 00:02:19]} {[%emt 00:00:06]} 29. Ra8 {[%clk
00:01:26]} {[%emt 00:00:57]} Rxa8 {[%clk 00:02:25]} {[%emt 00:00:24]} 30. Bxa8
{[%clk 00:01:52]} {[%emt 00:00:04]} e5 {[%clk 00:01:57]} {[%emt 00:00:58]} 31.
Bc6 {[%clk 00:01:32]} {[%emt 00:00:50]} Ke6 {[%clk 00:01:42]} {[%emt 00:00:44]}
32. Bc7 {[%clk 00:01:28]} {[%emt 00:00:36]} Bf8 {[%clk 00:01:41]} {[%emt
00:00:28]} 33. Nc2 {[%clk 00:01:18]} {[%emt 00:00:43]} Nc5 {[%clk 00:01:08]}
{[%emt 00:01:02]} 34. Bxb5 {[%clk 00:01:25]} {[%emt 00:00:24]} g5 {[%clk
00:01:07]} {[%emt 00:00:30]} 35. Ne3 {[%clk 00:01:21]} {[%emt 00:00:34]} f4
{[%clk 00:01:23]} {[%emt 00:00:14]} 36. Nc4 {[%clk 00:01:05]} {[%emt 00:00:46]}
Bg7 {[%clk 00:01:15]} {[%emt 00:00:38]} 37. Nd2 {[%clk 00:01:14]} {[%emt
00:00:21]} Bf8 {[%clk 00:00:57]} {[%emt 00:00:48]} 38. Bc4+ {[%clk 00:01:32]}
{[%emt 00:00:12]} Kf5 {[%clk 00:01:18]} {[%emt 00:00:09]} 39. a4 {[%clk
00:01:15]} {[%emt 00:00:48]} fxg3 {[%clk 00:01:35]} {[%emt 00:00:13]} 40. hxg3
{[%clk 00:01:35]} {[%emt 00:00:09]} h5 {[%clk 00:01:00]} {[%emt 00:01:05]} 41.
a5 {[%clk 00:01:23]} {[%emt 00:00:42]} h4 {[%clk 00:29:43]} {[%emt 00:01:46]}
42. a6 {[%clk 00:29:31]} {[%emt 00:02:23]} Nxa6 {[%clk 00:29:37]} {[%emt
00:00:36]} 43. Bxa6 {[%clk 00:29:52]} {[%emt 00:00:09]} hxg3 {[%clk 00:30:01]}
{[%emt 00:00:06]} 44. fxg3 {[%clk 00:30:11]} {[%emt 00:00:11]} Bc5+ {[%clk
00:30:25]} {[%emt 00:00:06]} 45. Kg2 {[%clk 00:30:06]} {[%emt 00:00:35]} 1-0

[Event "DEM U18w 2025"]
[Site "Willingen GER"]
[Date "2025.06.08"]
[Round "2"]
[White "Heuberger, Sandra"]
[Black "Reddi, Bhuvana"]
[Result "0-1"]
[Termination "normal"]
[Board "11"]
[WhiteElo "1550"]
[BlackElo "1851"]
[WhiteClock "00:01:51"]
[BlackClock "00:01:25"]
[PlyCount "132"]
[WhiteFideId "16232151"]
[BlackFideId "16287002"]
[EventCountry "GER"]
[EventRounds "9"]
[EventType "swiss"]
[EventDate "2025.06.07"]

1. d4 {[%clk 01:30:57]} {[%emt 00:00:03]} Nf6 {[%clk 01:30:55]} {[%emt
00:00:05]} 2. c4 {[%clk 01:31:13]} {[%emt 00:00:14]} g6 {[%clk 01:31:22]}
{[%emt 00:00:04]} 3. Nc3 {[%clk 01:31:31]} {[%emt 00:00:11]} Bg7 {[%clk
01:31:47]} {[%emt 00:00:05]} 4. e4 {[%clk 01:31:41]} {[%emt 00:00:21]} d6
{[%clk 01:32:14]} {[%emt 00:00:03]} 5. f4 {[%clk 01:30:54]} {[%emt 00:01:15]}
O-O {[%clk 01:31:23]} {[%emt 00:01:22]} 6. Nf3 {[%clk 01:30:35]} {[%emt
00:00:50]} Nbd7 {[%clk 01:31:45]} {[%emt 00:00:09]} 7. Be2 {[%clk 01:29:25]}
{[%emt 00:01:39]} e5 {[%clk 01:17:45]} {[%emt 00:14:31]} 8. fxe5 {[%clk
01:26:25]} {[%emt 00:03:29]} dxe5 {[%clk 01:17:55]} {[%emt 00:00:20]} 9. d5
{[%clk 01:24:40]} {[%emt 00:02:14]} Nh5 {[%clk 01:14:27]} {[%emt 00:03:58]} 10.
O-O {[%clk 01:23:45]} {[%emt 00:01:26]} Qe7 {[%clk 01:10:24]} {[%emt 00:04:32]}
11. Be3 {[%clk 01:14:03]} {[%emt 00:10:11]} Ndf6 {[%clk 01:09:57]} {[%emt
00:00:59]} 12. c5 {[%clk 01:08:32]} {[%emt 00:06:01]} Ng4 {[%clk 01:04:51]}
{[%emt 00:05:36]} 13. Qd2 {[%clk 01:07:17]} {[%emt 00:01:43]} Nxe3 {[%clk
01:01:07]} {[%emt 00:04:16]} 14. Qxe3 {[%clk 01:07:19]} {[%emt 00:00:27]} Nf4
{[%clk 01:00:35]} {[%emt 00:01:03]} 15. Bc4 {[%clk 01:05:51]} {[%emt 00:01:55]}
Bh6 {[%clk 00:53:22]} {[%emt 00:07:45]} 16. Qf2 {[%clk 01:04:51]} {[%emt
00:01:29]} Bg4 {[%clk 00:51:26]} {[%emt 00:02:27]} 17. b4 {[%clk 01:04:18]}
{[%emt 00:01:04]} Bg7 {[%clk 00:27:24]} {[%emt 00:24:30]} 18. Rad1 {[%clk
01:02:16]} {[%emt 00:02:31]} a5 {[%clk 00:20:53]} {[%emt 00:07:04]} 19. d6
{[%clk 00:55:46]} {[%emt 00:07:00]} cxd6 {[%clk 00:20:47]} {[%emt 00:00:36]}
20. cxd6 {[%clk 00:56:07]} {[%emt 00:00:09]} Qd8 {[%clk 00:20:37]} {[%emt
00:00:39]} 21. bxa5 {[%clk 00:49:16]} {[%emt 00:07:22]} Qxa5 {[%clk 00:18:50]}
{[%emt 00:02:17]} 22. Nd5 {[%clk 00:47:05]} {[%emt 00:02:39]} Nxd5 {[%clk
00:10:47]} {[%emt 00:08:34]} 23. Rxd5 {[%clk 00:46:47]} {[%emt 00:00:48]} Qb4
{[%clk 00:10:32]} {[%emt 00:00:44]} 24. Nd2 {[%clk 00:36:30]} {[%emt 00:10:45]}
Rad8 {[%clk 00:04:51]} {[%emt 00:06:15]} 25. Rb1 {[%clk 00:29:12]} {[%emt
00:07:45]} Qa3 {[%clk 00:03:54]} {[%emt 00:01:27]} 26. Rd3 {[%clk 00:25:11]}
{[%emt 00:04:30]} Qa8 {[%clk 00:03:39]} {[%emt 00:00:40]} 27. Qb6 {[%clk
00:23:24]} {[%emt 00:02:25]} Be2 {[%clk 00:03:29]} {[%emt 00:00:40]} 28. Rd5
{[%clk 00:21:53]} {[%emt 00:02:01]} Bxc4 {[%clk 00:03:52]} {[%emt 00:00:06]}
29. Nxc4 {[%clk 00:22:02]} {[%emt 00:00:22]} Qxa2 {[%clk 00:04:03]} {[%emt
00:00:20]} 30. Nxe5 {[%clk 00:21:23]} {[%emt 00:01:09]} Bxe5 {[%clk 00:03:53]}
{[%emt 00:00:39]} 31. Rxe5 {[%clk 00:20:43]} {[%emt 00:01:09]} Rxd6 {[%clk
00:03:25]} {[%emt 00:00:59]} 32. Qxb7 {[%clk 00:19:14]} {[%emt 00:01:59]} Rd2
{[%clk 00:03:11]} {[%emt 00:00:43]} 33. Rg5 {[%clk 00:18:50]} {[%emt 00:00:51]}
Rfd8 {[%clk 00:03:00]} {[%emt 00:00:45]} 34. h3 {[%clk 00:16:36]} Qa3 {[%clk
00:02:47]} {[%emt 00:03:27]} 35. Rg4 {[%clk 00:11:36]} h5 {[%clk 00:01:36]}
{[%emt 00:07:11]} 36. Rf1 {[%clk 00:09:24]} R2d7 {[%clk 00:00:49]} {[%emt
00:04:00]} 37. Rxg6+ {[%clk 00:05:39]} fxg6 {[%clk 00:01:18]} {[%emt 00:04:16]}
38. Qc6 {[%clk 00:05:36]} Qd6 {[%clk 00:01:36]} {[%emt 00:00:44]} 39. Qc4+
{[%clk 00:05:00]} Kg7 {[%clk 00:01:56]} {[%emt 00:01:16]} 40. Qe2 {[%clk
00:04:26]} Qd4+ {[%clk 00:01:52]} {[%emt 00:01:39]} 41. Kh1 {[%clk 00:04:36]}
Rf7 {[%clk 00:01:54]} {[%emt 00:00:47]} 42. Rg1 {[%clk 00:02:33]} Qd3 {[%clk
00:01:25]} {[%emt 00:03:31]} 43. Qb2+ {[%clk 00:01:51]} Kh7 {[%clk 00:01:25]}
44. Qa2 {[%clk 00:01:51]} Rf1 {[%clk 00:01:25]} 45. Qa7+ {[%clk 00:01:51]} Kh8
{[%clk 00:01:25]} 46. Qb6 {[%clk 00:01:51]} Rxg1+ {[%clk 00:01:25]} 47. Qxg1
{[%clk 00:01:51]} Qd1 {[%clk 00:01:25]} 48. h4 {[%clk 00:01:51]} Qxg1+ {[%clk
00:01:25]} 49. Kxg1 {[%clk 00:01:51]} Re8 {[%clk 00:01:25]} 50. Kf2 {[%clk
00:01:51]} Rxe4 {[%clk 00:01:25]} 51. g3 {[%clk 00:01:51]} Kg7 {[%clk
00:01:25]} 52. Kf3 {[%clk 00:01:51]} Ra4 {[%clk 00:01:25]} 53. Ke3 {[%clk
00:01:51]} Kf6 {[%clk 00:01:25]} 54. Kf3 {[%clk 00:01:51]} Kf5 {[%clk
00:01:25]} 55. Ke3 {[%clk 00:01:51]} Kg4 {[%clk 00:01:25]} 56. Kf2 {[%clk
00:01:51]} Ra3 {[%clk 00:01:25]} 57. Kg2 {[%clk 00:01:51]} Ra2+ {[%clk
00:01:25]} 58. Kf1 {[%clk 00:01:51]} Kxg3 {[%clk 00:01:25]} 59. Ke1 {[%clk
00:01:51]} Kf3 {[%clk 00:01:25]} 60. Kd1 {[%clk 00:01:51]} Ke3 {[%clk
00:01:25]} 61. Kc1 {[%clk 00:01:51]} Kd3 {[%clk 00:01:25]} 62. Kb1 {[%clk
00:01:51]} Rh2 {[%clk 00:01:25]} 63. Kc1 {[%clk 00:01:51]} Rg2 {[%clk
00:01:25]} 64. Kb1 {[%clk 00:01:51]} Kc3 {[%clk 00:01:25]} 65. Ka1 {[%clk
00:01:51]} Kb3 {[%clk 00:01:25]} 66. Kb1 {[%clk 00:01:51]} Rg1# {[%clk
00:01:25]} 0-1